00487 2200181 4500001002100000005001500021008004100036020001800077035001900095041000700114082001100121090001700132100001900149245003700168260003900205300001800244650004300262INLIS00000000001620920241224115100241224||||||||| | ||| |||| || |  a979-424-161-x 0010-1224016209 aid0 a631.28 a631.28 PAN t0 aCharles Panati00aTEROBOSAN DALAM BIDANG TEKNOLOGI aBandungbRemaja Karya Offsetc1989 a97hlm;15x21cm 0aPertanian Dan Teknologi Yang Berkaitan